| 000 | 00590nam a2200217Ii 4500 | ||
|---|---|---|---|
| 003 | JO-AjNU | ||
| 008 | 230606s9999||||xx |||||||||||||| ||und|| | ||
| 020 | _a0-256-03363-3 | ||
| 040 |
_aJO-AjNU _beng _erda _cJO-AjNU |
||
| 041 | _aeng | ||
| 050 | 1 | 4 | _aHD31.R58.1982 |
| 100 | 3 |
_aROBEY,DANIEL, _eauthor _92953 |
|
| 245 | 0 | 0 | _aDESIGNING ORGANIZATIONS |
| 250 | _a2nd ed | ||
| 264 | 3 | 1 | _aUnited States of america:IRWIN,1982 |
| 300 | _a645p | ||
| 336 |
_atext _btxt _2rdacontent |
||
| 337 |
_aunmediated _bn _2rdamedia |
||
| 338 |
_avolume _bnc _2rdacarrier |
||
| 650 | 4 |
_aOrganization _92954 |
|
| 999 |
_aE1547 _c1547 _d1547 |
||